000 00800nam a2200217Ii 4500
003 JO-AjNU
008 230605s9999||||xx |||||||||||||| ||und||
017 _a2009/5/1930
040 _aJO-AjNU
_bara
_erda
_cJO-AjNU
041 _aara
050 1 4 _aKMM467.3.L87.2010
100 3 _a الحوامدة ، لورنس سعيد,
_eauthor
_911410
245 0 0 _aالدفوع الشكلية في قانون أصول المحاكمات الجزائية الأردني " دراسة مقارنة "
250 _a(د،ط)
264 3 1 _aعمان : دار الضياء ، 2009
300 _a183ص
336 _atext
_btxt
_2rdacontent
337 _aunmediated
_bn
_2rdamedia
338 _avolume
_bnc
_2rdacarrier
650 4 _aالقانون الجنائي -- أصول المحاكمات -- الادرن
_911411
999 _aA2311
_c5879
_d5879